Vista normal
Vista MARC
Entrada Materia (personas)
Número de registros utilizados en: 1
001 - CONTROL NUMBER
- control field: 74524
003 - CONTROL NUMBER IDENTIFIER
- control field: Co-BoUCM
005 - DATE AND TIME OF LATEST TRANSACTION
- control field: 20160114151112.0
008 - FIXED-LENGTH DATA ELEMENTS
- fixed length control field: 160114|| aca||aabn | a|a d
040 ## - CATALOGING SOURCE
- Original cataloging agency: Co-BoUCM
- Transcribing agency: Co-BoUCM
100 ## - HEADING--PERSONAL NAME
- Personal name: Bübeck, Marianne
670 ## - SOURCE DATA FOUND
- Source citation: Work cat.: (Co-BoUCM)49758: Einstein, Albert 1879-1955 44977, Mi visión del mundo, 2005